| 000 | 00000nam 2200000zi 4500 |
| 001 | 9.929359 |
| 003 | CaOODSP |
| 005 | 20250127091630 |
| 006 | m o d f |
| 007 | cr mn||||||||| |
| 008 | 231024t20242024quca ob f000 0 fre d |
| 020 | |a9780660684468 |
| 040 | |aCaOODSP|bfre|erda|cCaOODSP |
| 043 | |an-cn--- |
| 086 | 1 |aEn14-406/2024F-PDF |
| 245 | 00|aGuide de déclaration à l'Inventaire national des rejets polluants à l'intention du secteur des eaux usées. |
| 250 | |a[Édition 2024]. |
| 264 | 1|aGatineau (Québec) : |bEnvironnement et changement climatique Canada = Environment and Climate Change Canada, |c[2024] |
| 264 | 4|c©2024 |
| 300 | |a1 ressource en ligne (iii, 62 pages) : |billustrations |
| 336 | |atexte|btxt|2rdacontent/fre |
| 337 | |ainformatique|bc|2rdamedia/fre |
| 338 | |aressource en ligne|bcr|2rdacarrier/fre |
| 500 | |aPublié aussi en anglais sous le titre : Reporting guidance for the wastewater sector to the National Pollutant Release Inventory. |
| 500 | |a« EC23064 » -- Verso de la couverture. |
| 504 | |aComprend des références bibliographiques (pages 53-54). |
| 520 | |a« L'Inventaire national des rejets de polluants (INRP), un programme fédéral créé en 1992, est le seul inventaire public d'envergure nationale qui permet d'obtenir des renseignements sur les polluants libérés dans l'environnement, éliminés et transférés à des fins de recyclage. Certaines de ces substances sont fabriquées, traitées ou utilisées par des installations municipales d'épuration des eaux usées et donnent lieu à des rejets appréciables dans l'environnement. Conformément aux dispositions du paragraphe 46(1) de la Loi canadienne sur la protection de l'environnement (1999) (LCPE [1999]), les rejets de substances répertoriées dans l'INRP et provenant de telles installations doivent être déclarés à l'INRP. Le présent guide a été élaboré afin d'aider les exploitants et les gestionnaires des installations d'épuration des eaux usées à comprendre les exigences de déclaration à l'INRP et de leur indiquer la façon de procéder. La conformité à ce guide améliorera la qualité des déclarations et l'exactitude des renseignements fournis. Le présent guide est destiné aux installations d'épuration des eaux usées de petite comme de grande envergure. … » -- Introduction, page i. |
| 650 | 6|aPolluants|xSignalement|zCanada. |
| 650 | 6|aEaux usées|xStations de traitement|xAspect de l'environnement|zCanada. |
| 650 | 6|aEaux usées|xÉvacuation|xAspect de l'environnement|zCanada. |
| 710 | 1 |aCanada. |bEnvironnement et changement climatique Canada, |eorganisme de publication. |
| 775 | 08|tReporting guidance for the wastewater sector to the National Pollutant Release Inventory.|w(CaOODSP)9.929358 |
| 795 | |tGuide de déclaration à l’Inventaire national des rejets de polluants à l’intention du secteur des eaux usées.|b(2020)|w(CaOODSP)9.885096 |
| 856 | 40|qPDF|s1.15 Mo|uhttps://publications.gc.ca/collections/collection_2025/eccc/En14-406-2024-fra.pdf |
| 986 | |aEC23064 |